| 000 | 01426nam a22002897a 4500 | ||
|---|---|---|---|
| 999 |
_c120361 _d120361 |
||
| 003 | dpl | ||
| 005 | 20190226104246.0 | ||
| 008 | 190226b ||||| |||| 00| 0 eng d | ||
| 010 | _aB-236224 | ||
| 020 |
_c425.00 _a8181433696 |
||
| 035 | _aB-236224, B-236228 | ||
| 037 | _bCen Lib/Ret | ||
| 040 |
_aDPL _bHN _c0 |
||
| 082 |
_a808.80355 _bकिश्वर |
||
| 100 |
_aकिश्वर, मधु पूर्णिमा _989986 |
||
| 245 |
_aराष्ट्रीयवाद की चाकरी में धर्मं : _cमधु पूर्णिमा किश्वर ; अनुवादक योगेन्द्र दत्त _bएवं अन्य लेख / |
||
| 246 |
_aRashtriyvad ki chaakri dharma : evam anya lekh / _bby Madhu Poornima Kishwar ; anuvadak Yogendra Datt |
||
| 260 |
_a नयी दिल्ली _bवाणी प्रकाशन _c2005 |
||
| 270 |
_b नयी दिल्ली _a4667/5, 21, ए, दरियागंज _e110002 |
||
| 300 |
_a370पृ. _c19सेमी(सजिल्द ) |
||
| 650 |
_aराष्ट्रीयवाद _x _z _981535 |
||
| 650 |
_aराष्ट्रीयवाद--भारत _989987 |
||
| 650 |
_aNationalism _989988 |
||
| 650 |
_aNationalism - India _989989 |
||
| 700 |
_aदत्त, योगेन्द्र _942810 |
||
| 942 |
_2ddc _cHN _h808.80355 _mकिश्वर |
||